Messen + Ausstellungen. Messe-Ziele exakt formulieren und kontrollieren.

Závislosť úspešnej účasti na veľtrhu od presného formulovania cieľov účasti a od ich konkretizácie. Štyri hlavné skupiny najdôležitejších cieľov veľtrhu. Kontrola úspešnosti účasti, meranie ekonomického úspechu.

Guardado en:
Detalles Bibliográficos
Autor principal: Amon, P.
Formato: Capítulo de libro
Lenguaje:alemán
Materias:
Etiquetas: Agregar Etiqueta
Sin Etiquetas, Sea el primero en etiquetar este registro!

MARC

LEADER 00000naa a2200000 4500
001 r003563
005 20221130103624.3
041 0 |a ger 
044 |a DE 
245 1 0 |a Messen + Ausstellungen.  |b Messe-Ziele exakt formulieren und kontrollieren.  |c P. Amon 
520 |a Závislosť úspešnej účasti na veľtrhu od presného formulovania cieľov účasti a od ich konkretizácie. Štyri hlavné skupiny najdôležitejších cieľov veľtrhu. Kontrola úspešnosti účasti, meranie ekonomického úspechu. 
610 2 0 |a veľtrhy 
610 2 0 |a výstavy 
610 2 0 |a kontrola 
610 2 0 |a efektívnosť ekonomická 
100 1 |a Amon, P.